000 00667nam a2200217Ii 4500
003 JO-AjNU
008 230605s9999||||xx |||||||||||||| ||und||
020 _a1-57547-697-5
040 _aJO-AjNU
_bara
_erda
_cJO-AjNU
041 _aara
050 1 4 _aJZ1308.H3638.1999
100 3 _a حنفي ، حسن ، العظم ، صادق جلال العظم ,
_eauthor
_941189
245 0 0 _aما العولمة ؟
250 _aط1
264 3 1 _aدمشق : دار الفكر ، 1999
300 _a298ص
336 _atext
_btxt
_2rdacontent
337 _aunmediated
_bn
_2rdamedia
338 _avolume
_bnc
_2rdacarrier
650 4 _aالعلوم السياسية
_941190
999 _aA17541
_c21109
_d21109